[Event "?"]
[Site "?"]
[Date "2012.10.02"]
[Round "4.5"]
[White "Renner, Christoph"]
[Black "Lochte, Thomas"]
[Result "1-0"]
[WhiteElo "2452"]
[BlackElo "2189"]
[PlyCount "35"]
[EventDate "2012.??.??"]

1. d4 Nf6 2. Bf4 c5 3. d5 Qb6 4. Nc3 Qxb2 5. Bd2 Qb6 6. e4 d6 7. f4 Nbd7 8. Nf3
e5 9. dxe6 fxe6 10. Ng5 Nb8 11. Bc4 Ke7 12. e5 d5 13. exf6+ gxf6 14. Qe2 Qb2
15. Rb1 Qxc2 16. Nxd5+ Kd6 17. Ne4+ Kd7 18. Nexf6+ 1-0

[Event "?"]
[Site "?"]
[Date "2012.10.02"]
[Round "4.7"]
[White "Kainzbauer, Harald"]
[Black "Gschwendtner, Michael"]
[Result "1-0"]
[WhiteElo "2081"]
[BlackElo "2296"]
[PlyCount "76"]
[EventDate "2012.??.??"]

1. e4 c6 2. d4 d5 3. exd5 cxd5 4. c4 Nf6 5. Nc3 Nc6 6. Bg5 dxc4 7. d5 Ne5 8.
Bxc4 Nxc4 9. Qa4+ Bd7 10. Qxc4 g6 11. Nf3 Bg7 12. O-O O-O 13. Rfe1 h6 14. Bf4
Re8 15. Rad1 Qb6 16. Rd2 Rac8 17. Qe2 Qb4 18. Rd4 Qc5 19. Qd2 g5 20. Be5 b5 21.
Ne4 Nxe4 22. Rdxe4 Bf5 23. R4e3 Bf8 24. h4 f6 25. Bc3 Red8 26. hxg5 Rxd5 27.
Qe2 Qc4 28. gxf6 Qxe2 29. R3xe2 exf6 30. Bxf6 Bg4 31. Re3 Bc5 32. Re4 Bxf3 33.
gxf3 Rd2 34. R1e2 Rxe2 35. Rxe2 Kf7 36. Be5 Be7 37. f4 Rg8+ 38. Kf1 Bf6 1-0

[Event "?"]
[Site "?"]
[Date "2012.10.02"]
[Round "4.8"]
[White "Schmitzer, Peter"]
[Black "Eitel, Harald"]
[Result "1/2-1/2"]
[WhiteElo "2074"]
[BlackElo "2253"]
[PlyCount "109"]
[EventDate "2012.??.??"]

1. d4 Nf6 2. Nf3 g6 3. Bf4 Bg7 4. e3 d6 5. Be2 O-O 6. h3 c5 7. c3 Nbd7 8. Nbd2
b6 9. O-O Bb7 10. Re1 Rc8 11. a4 a6 12. Bf1 cxd4 13. exd4 Rc7 14. Qe2 Re8 15.
Qd3 h6 16. g4 Nd5 17. Bg3 e5 18. dxe5 dxe5 19. Ne4 Qe7 20. Qe2 Nc5 21. Nxc5
Qxc5 22. Nd2 Rcc8 23. Bg2 b5 24. axb5 axb5 25. Ra5 Bc6 26. c4 Nf4 27. Bxf4 exf4
28. Qd1 Bxg2 29. Rxe8+ Rxe8 30. Kxg2 Qd4 31. Rxb5 Rd8 32. Rd5 Rxd5 33. cxd5
Qxd5+ 34. f3 Bxb2 35. Qe2 Qc5 36. Ne4 Qc1 37. Qd2 Qxd2+ 38. Nxd2 Kf8 39. Ne4
Ke7 40. Kf1 Ke6 41. Ke2 Ba3 42. Kf2 Bb4 43. Kg2 f5 44. gxf5+ Kxf5 45. Nf2 Be7
46. Ne4 Ke5 47. Kf1 Kd4 48. Ke2 h5 49. Nd2 g5 50. Nb3+ Ke5 51. Nc1 Bc5 52. Nd3+
Kd4 53. h4 Be7 54. hxg5 Bxg5 55. Nxf4 1/2-1/2

[Event "?"]
[Site "?"]
[Date "2012.10.02"]
[Round "4.9"]
[White "Urankar, Hans-Peter"]
[Black "Raßl, Bernhard"]
[Result "1-0"]
[WhiteElo "2243"]
[BlackElo "2102"]
[PlyCount "77"]
[EventDate "2012.??.??"]

1. d4 Nf6 2. Nf3 g6 3. Bf4 Bg7 4. e3 O-O 5. Be2 d6 6. O-O Nbd7 7. h3 c5 8. c3
Qb6 9. Nbd2 a5 10. Nc4 Qc6 11. a4 Nb6 12. Qb3 Nxc4 13. Bxc4 h6 14. d5 Qc7 15.
Nd2 Nd7 16. Bg3 Nb6 17. Rfe1 Nxc4 18. Nxc4 b6 19. Qxb6 Qxb6 20. Nxb6 Rb8 21.
Nxc8 Rfxc8 22. Ra2 Rb6 23. Rd1 Rd8 24. e4 Rd7 25. Kf1 e5 26. Ke2 Rdb7 27. Rd2
h5 28. Kd3 Bh6 29. Rc2 Bg5 30. f3 Rb3 31. Kc4 Kg7 32. h4 Bh6 33. Bh2 Bf4 34.
Bxf4 exf4 35. e5 dxe5 36. d6 Kf8 37. Kxc5 f6 38. Kd5 Kf7 39. Rd2 1-0

[Event "?"]
[Site "?"]
[Date "2012.10.02"]
[Round "4.10"]
[White "Höller, Armin"]
[Black "Straub, Jürgen"]
[Result "0-1"]
[WhiteElo "2058"]
[BlackElo "2226"]
[PlyCount "98"]
[EventDate "2012.??.??"]

1. Nf3 Nf6 2. c4 e6 3. b3 b6 4. g3 Bb7 5. Bg2 Be7 6. O-O O-O 7. Bb2 d5 8. Ne5
Qc8 9. d4 Rd8 10. Nd2 dxc4 11. e4 cxb3 12. Qxb3 c5 13. Rac1 Nc6 14. Nef3 cxd4
15. Nxd4 Nxd4 16. Bxd4 Qd7 17. Be3 Rac8 18. Rxc8 Rxc8 19. Rd1 Rd8 20. Rc1 Ng4
21. Nc4 Nxe3 22. Nxe3 Bc5 23. h4 Bc6 24. Rd1 Qe7 25. Rxd8+ Qxd8 26. Nc4 Qd4 27.
Qc2 g6 28. Ne3 Bb5 29. Kh2 Qd3 30. Qb2 Qe2 31. Qxe2 Bxe2 32. Bf1 Bf3 33. Bg2
Bxg2 34. Kxg2 Bxe3 35. fxe3 e5 36. Kf3 h5 37. Ke2 Kf8 38. Kd3 Ke7 39. Kc4 Kd6
40. Kb5 Kc7 41. Ka6 Kb8 42. a3 Ka8 43. a4 Kb8 44. a5 bxa5 45. Kxa5 Kb7 46. Kb5
a6+ 47. Kc5 Kc7 48. Kd5 f6 49. Kc5 Kb7 0-1

[Event "?"]
[Site "?"]
[Date "2012.10.03"]
[Round "5.1"]
[White "Belezky, Alexander"]
[Black "Shirazi, Kamran"]
[Result "1-0"]
[WhiteElo "2413"]
[BlackElo "2405"]
[PlyCount "183"]
[EventDate "2012.??.??"]

1. d4 Nf6 2. c4 a6 3. Nd2 d6 4. Ngf3 Nbd7 5. Qc2 e5 6. e3 g6 7. b4 exd4 8. exd4
c5 9. Bd3 cxb4 10. O-O Be7 11. Rb1 a5 12. a3 bxa3 13. Bxa3 O-O 14. Rfe1 Re8 15.
h3 Bf8 16. Rxe8 Nxe8 17. Nf1 b6 18. Be4 Ra7 19. Qb3 Nef6 20. Bc6 a4 21. Bxa4
Bb7 22. d5 Qa8 23. Bxd7 Rxa3 24. Qxb6 Bxd5 25. cxd5 Nxd7 26. Qc6 Nf6 27. Ne3
Qd8 28. Rb7 Ra1+ 29. Kh2 Ra5 30. Ng5 Be7 31. Qc4 Rc5 32. Qb3 Rc7 33. Rb8 Rc8
34. Rxc8 Qxc8 35. Qa4 Qc3 36. Nf3 Qb2 37. Kg1 h5 38. Qa7 Ne4 39. Nf1 Bf6 40.
Qe3 Qb4 41. N1d2 Nc3 42. Qd3 Bg7 43. Qc4 Qxc4 44. Nxc4 Bf8 45. Nd4 Be7 46. Nc6
Kf8 47. Nb4 Ke8 48. Kf1 Kd7 49. Ke1 Bg5 50. g3 h4 51. g4 Bf6 52. f4 Bd4 53. Kd2
Nb5 54. Kd3 Bc5 55. Nc2 Ba7 56. N4e3 Nc7 57. Kc4 Ne8 58. Ng2 Bf2 59. Nge3 Bg3
60. f5 g5 61. Nd4 Nf6 62. Nf3 Bf4 63. Nd1 Ke7 64. Kd4 Nd7 65. Nf2 f6 66. Nd3
Bg3 67. Nb4 Bf2+ 68. Kc4 Nb6+ 69. Kb5 Kd7 70. Nd2 Ke8 71. Ne4 Bd4 72. Nxf6+ Kf8
73. Nh7+ Ke8 74. Nxg5 Nd7 75. Nf3 Bf2 76. Nd3 Bg3 77. g5 Ke7 78. Kc4 Kf7 79.
Kd4 Nb6 80. Nd2 Bh2 81. Nf3 Bg3 82. Ke4 Na4 83. Nb4 Nc5+ 84. Ke3 Na4 85. Nd2
Nb6 86. Ne4 Bh2 87. Kf3 Nc4 88. Nd3 Kg7 89. Kg2 Ne3+ 90. Kxh2 Nxf5 91. Nf4 Kf7
92. Kg2 1-0

[Event "?"]
[Site "?"]
[Date "2012.10.03"]
[Round "5.2"]
[White "Meister, Peter"]
[Black "Rusche, Johannes"]
[Result "1/2-1/2"]
[WhiteElo "2405"]
[BlackElo "2220"]
[PlyCount "49"]
[EventDate "2012.??.??"]

1. d4 Nf6 2. c4 c5 3. d5 b5 4. cxb5 a6 5. bxa6 g6 6. Nc3 Bxa6 7. g3 d6 8. Bg2
Bg7 9. Nf3 Nbd7 10. Rb1 Nb6 11. b3 O-O 12. O-O Bb7 13. e4 Ba6 14. Re1 Ng4 15.
Bb2 Nd7 16. Ne2 Bxe2 17. Rxe2 Rxa2 18. Bxg7 Rxe2 19. Bxf8 Ra2 20. Ra1 Rxa1 21.
Qxa1 Nxf8 22. Qa7 Qd7 23. Qxd7 Nxd7 24. h3 Nge5 25. Nd2 1/2-1/2

[Event "?"]
[Site "?"]
[Date "2012.10.03"]
[Round "5.3"]
[White "Raykhman, Alexander"]
[Black "Köpke, Christian"]
[Result "1/2-1/2"]
[WhiteElo "2362"]
[BlackElo "2364"]
[PlyCount "82"]
[EventDate "2012.??.??"]

1. d4 Nf6 2. c4 g6 3. Nc3 Bg7 4. e4 d6 5. Nf3 O-O 6. Be2 e5 7. Be3 Ng4 8. Bg5
f6 9. Bh4 g5 10. Bg3 Nh6 11. dxe5 dxe5 12. O-O c6 13. b4 Be6 14. c5 Qe7 15. Qa4
Nd7 16. Nd2 a5 17. Nb3 b5 18. Qa3 axb4 19. Qxb4 Rfc8 20. Rfd1 Nb8 21. Nd5 cxd5
22. exd5 Na6 23. Qd2 Nxc5 24. dxe6 Qxe6 25. Bxb5 Nxb3 26. axb3 Rxa1 27. Rxa1
Qxb3 28. Qd7 Rb8 29. Bd3 Rf8 30. h3 Qf7 31. Qb5 Qe7 32. Ra8 Rxa8 33. Qd5+ Kh8
34. Qxa8+ Qf8 35. Qd5 Qe7 36. f3 Bf8 37. Kh2 Qd6 38. Qe4 Qc7 39. h4 gxh4 40.
Bxh4 Ng8 41. Bc4 Qd6 1/2-1/2

[Event "?"]
[Site "?"]
[Date "2012.10.03"]
[Round "5.4"]
[White "Urankar, Hans-Peter"]
[Black "Reich, Thomas"]
[Result "0-1"]
[WhiteElo "2243"]
[BlackElo "2382"]
[PlyCount "48"]
[EventDate "2012.??.??"]

1. g3 Nf6 2. Bg2 g6 3. e4 d6 4. d3 c5 5. Nf3 Nc6 6. O-O Bg7 7. c3 O-O 8. Re1
Ne5 9. h3 Nxf3+ 10. Qxf3 Nd7 11. Na3 Rb8 12. Qd1 b5 13. Nc2 a5 14. d4 b4 15.
Be3 Qc7 16. f4 Bb7 17. Bf2 Rfc8 18. Ne3 bxc3 19. bxc3 cxd4 20. cxd4 Qc3 21. Nf1
Qc2 22. Qf3 Rc3 23. Re2 Rxf3 24. Rxc2 Rxf2 0-1

[Event "?"]
[Site "?"]
[Date "2012.10.03"]
[Round "5.5"]
[White "Sailer, Wolfgang"]
[Black "Renner, Christoph"]
[Result "0-1"]
[WhiteElo "2206"]
[BlackElo "2452"]
[PlyCount "36"]
[EventDate "2012.??.??"]

1. d4 f5 2. Nc3 d5 3. e4 dxe4 4. Bf4 Nf6 5. f3 e6 6. fxe4 fxe4 7. Bc4 Bb4 8.
Nge2 Nc6 9. O-O O-O 10. a3 Bxc3 11. bxc3 Nd5 12. Qd2 b6 13. Ng3 Rxf4 14. Rxf4
e3 15. Bxd5 exd2 16. Bxc6 Qd6 17. Raf1 d1=Q 18. Rxd1 Qxc6 0-1

[Event "?"]
[Site "?"]
[Date "2012.10.03"]
[Round "5.6"]
[White "Jorczik, Julian"]
[Black "Hantak, Adam"]
[Result "1-0"]
[WhiteElo "2407"]
[BlackElo "2185"]
[PlyCount "61"]
[EventDate "2012.??.??"]

1. d4 d6 2. e4 Nf6 3. Nc3 g6 4. g3 Bg7 5. Bg2 O-O 6. Nge2 e5 7. h3 Nc6 8. Be3
exd4 9. Nxd4 Bd7 10. O-O Re8 11. Re1 Nxd4 12. Bxd4 Bc6 13. b4 a6 14. a4 Qd7 15.
Qd3 b5 16. axb5 axb5 17. Rxa8 Rxa8 18. Nd5 Nxd5 19. exd5 Bb7 20. Bxg7 Kxg7 21.
h4 h5 22. Kh2 Kh7 23. Bh3 f5 24. Re6 Re8 25. Bxf5 Rxe6 26. Bxe6 Qe8 27. f4 Bc8
28. f5 Bxe6 29. dxe6 gxf5 30. Qxf5+ Qg6 31. g4 1-0

[Event "?"]
[Site "?"]
[Date "2012.10.03"]
[Round "5.7"]
[White "Straub, Jürgen"]
[Black "Herrmann, Oliver"]
[Result "1-0"]
[WhiteElo "2226"]
[BlackElo "2141"]
[PlyCount "115"]
[EventDate "2012.??.??"]

1. e4 c5 2. Nf3 d6 3. d4 cxd4 4. Nxd4 Nf6 5. Nc3 a6 6. h3 e5 7. Nde2 h6 8. g4
Be6 9. Bg2 Be7 10. Be3 Nbd7 11. Qd2 b5 12. f4 b4 13. Nd5 Bxd5 14. exd5 Rc8 15.
a3 exf4 16. Bxf4 b3 17. cxb3 Nc5 18. Qe3 g5 19. Bg3 Qb6 20. b4 Na4 21. Qxb6
Nxb6 22. Nc3 Nc4 23. Nd1 Nxb2 24. Nxb2 Rc2 25. O-O Rxb2 26. Rac1 Kd7 27. Rc6
Rc8 28. Rxc8 Kxc8 29. Bxd6 Bxd6 30. Rxf6 Bf4 31. Bf1 Be3+ 32. Kh1 Rb1 33. Rxf7
Rd1 34. Rf3 Bf4 35. Kg2 Rd2+ 36. Rf2 Rxd5 37. Bxa6+ Kc7 38. Rc2+ Kb6 39. Be2
Re5 40. Bf3 Kb5 41. Bc6+ Ka6 42. a4 Re3 43. Bf3 Rb3 44. Rc6+ Ka7 45. b5 Rb2+
46. Kf1 Rb1+ 47. Ke2 Rb2+ 48. Kd1 Rb1+ 49. Kc2 Rc1+ 50. Kd3 Rxc6 51. bxc6 Kb6
52. Kc4 Ka5 53. Kc5 Bc7 54. Bd1 Ka6 55. Be2+ Ka5 56. Bb5 Bd8 57. Kd6 Kb6 58.
Kd7 1-0

[Event "?"]
[Site "?"]
[Date "2012.10.03"]
[Round "5.8"]
[White "Eitel, Harald"]
[Black "Kainzbauer, Harald"]
[Result "1-0"]
[WhiteElo "2253"]
[BlackElo "2081"]
[PlyCount "107"]
[EventDate "2012.??.??"]

1. d4 d5 2. Nf3 Nf6 3. g3 e6 4. Bg2 Be7 5. c4 O-O 6. O-O b6 7. Nc3 Bb7 8. cxd5
Nxd5 9. Qc2 Nd7 10. Rd1 c5 11. e4 Nxc3 12. bxc3 Qc7 13. Bf4 Qc8 14. d5 exd5 15.
exd5 Rd8 16. Bh3 Bf6 17. Ng5 Bxg5 18. Bxg5 f6 19. Bf4 a6 20. c4 b5 21. Re1 Re8
22. Bf5 h6 23. Be6+ Kh8 24. Bxh6 gxh6 25. Qg6 Re7 26. Bf7 Rxe1+ 27. Rxe1 Qf8
28. Re7 Rd8 29. d6 Qg7 30. Qxg7+ Kxg7 31. Bd5+ Kg6 32. Bxb7 f5 33. Bxa6 bxc4
34. Bxc4 Nb6 35. Bb3 c4 36. Bc2 Kf6 37. Rh7 Kg6 38. Rc7 Rxd6 39. g4 Kf6 40.
Bxf5 Ke5 41. Kg2 Kd4 42. Kg3 Kc3 43. h4 Kd2 44. Be4 c3 45. g5 hxg5 46. hxg5 Nd5
47. Bxd5 Rxd5 48. Kg4 Kd3 49. f4 Ra5 50. g6 Rxa2 51. Kg5 Rg2+ 52. Kf6 c2 53. f5
Ke4 54. g7 1-0

[Event "?"]
[Site "?"]
[Date "2012.10.03"]
[Round "5.9"]
[White "Pitschka, Claus"]
[Black "Mack, Thomas"]
[Result "1/2-1/2"]
[WhiteElo "2210"]
[BlackElo "2048"]
[PlyCount "46"]
[EventDate "2012.??.??"]

1. d4 c5 2. d5 d6 3. e4 Nf6 4. Nc3 g6 5. Be2 Bg7 6. Nf3 O-O 7. O-O Na6 8. a4 b6
9. Nd2 Nc7 10. Nc4 Rb8 11. f4 a6 12. Bf3 b5 13. axb5 Nxb5 14. Ne2 Nd7 15. Na5
Na7 16. c3 Rb5 17. Nc4 Nb6 18. Na3 Ra5 19. Bd2 Nb5 20. c4 Nxa3 21. Bxa5 Naxc4
22. Nc3 Nxa5 23. Rxa5 Nc4 1/2-1/2

[Event "?"]
[Site "?"]
[Date "2012.10.03"]
[Round "5.10"]
[White "Schelle, Artur"]
[Black "Karajannidis, Christos"]
[Result "1/2-1/2"]
[WhiteElo "2206"]
[BlackElo "2069"]
[PlyCount "101"]
[EventDate "2012.??.??"]

1. e4 e6 2. d4 d5 3. Nc3 Nf6 4. e5 Nfd7 5. f4 c5 6. Nf3 Nc6 7. Be3 cxd4 8. Nxd4
Bc5 9. Qd2 Nxd4 10. Bxd4 O-O 11. O-O-O a6 12. h4 b5 13. Ne2 f6 14. exf6 Bxd4
15. Nxd4 Qxf6 16. g3 Nc5 17. Bd3 Bb7 18. Rhe1 Ne4 19. Bxe4 dxe4 20. Ne2 e5 21.
Qd7 Rf7 22. Qd6 Qxd6 23. Rxd6 exf4 24. Nxf4 Rc8 25. Re3 Rfc7 26. c3 b4 27. Kd2
bxc3+ 28. Rxc3 Kf7 29. Rxc7+ Rxc7 30. Ne2 Ke7 31. Rd4 Ke6 32. Ke3 Kf5 33. Rd2
Kg4 34. Kf2 Rf7+ 35. Ke3 Rf3+ 36. Kd4 Rf2 37. Ke3 Rf3+ 38. Kd4 Rd3+ 39. Rxd3
exd3 40. Kxd3 Kf3 41. b4 Bc8 42. Kd2 Bd7 43. Kd1 Kf2 44. Kd2 Bg4 45. Nd4 Kxg3
46. h5 Bxh5 47. Nf5+ Kf4 48. Nxg7 Bf7 49. a4 Bb3 50. b5 axb5 51. axb5 1/2-1/2

[Event "?"]
[Site "?"]
[Date "2012.10.04"]
[Round "6.1"]
[White "Reich, Thomas"]
[Black "Belezky, Alexander"]
[Result "1/2-1/2"]
[WhiteElo "2382"]
[BlackElo "2413"]
[PlyCount "82"]
[EventDate "2012.??.??"]

1. d4 Nf6 2. Nf3 e6 3. c4 Bb4+ 4. Nc3 b6 5. Bd2 Bb7 6. e3 Qe7 7. Bd3 Bxc3 8.
Bxc3 Ne4 9. Bxe4 Bxe4 10. Nd2 Bb7 11. O-O d6 12. e4 Nd7 13. f4 a6 14. a4 a5 15.
Qe2 O-O 16. Rae1 e5 17. fxe5 dxe5 18. d5 Nc5 19. b3 Rad8 20. Qe3 Bc8 21. Bb2
Nb7 22. Nb1 Rfe8 23. Ba3 Qd7 24. Nc3 f6 25. Nb5 c5 26. dxc6 Qxc6 27. Rd1 Be6
28. Rd5 Nc5 29. Rc1 Bxd5 30. cxd5 Qd7 31. Bxc5 bxc5 32. Rxc5 Rc8 33. Rc4 f5 34.
h3 Rf8 35. Kh2 fxe4 36. Qxe4 Rcd8 37. Nc7 Qf5 38. Ne6 Qxe4 39. Rxe4 Rxd5 40.
Nxf8 Kxf8 41. b4 axb4 1/2-1/2

[Event "?"]
[Site "?"]
[Date "2012.10.04"]
[Round "6.2"]
[White "Renner, Christoph"]
[Black "Köpke, Christian"]
[Result "1-0"]
[WhiteElo "2452"]
[BlackElo "2364"]
[PlyCount "49"]
[EventDate "2012.??.??"]

1. d4 Nf6 2. c4 c5 3. d5 b5 4. Nf3 g6 5. Nbd2 bxc4 6. e4 c3 7. bxc3 Bg7 8. Be2
O-O 9. O-O d6 10. Rb1 e6 11. c4 exd5 12. exd5 Bf5 13. Rb3 Re8 14. Nh4 Bd7 15.
Ra3 Nxd5 16. Bf3 Qxh4 17. Bxd5 Nc6 18. Nf3 Qd8 19. Ng5 Rf8 20. Nxf7 Rxf7 21.
Bxf7+ Kxf7 22. Qd5+ Ke8 23. Re1+ Ne5 24. f4 Bc6 25. Qxc6+ 1-0

[Event "?"]
[Site "?"]
[Date "2012.10.04"]
[Round "6.3"]
[White "Rusche, Johannes"]
[Black "Jorczik, Julian"]
[Result "0-1"]
[WhiteElo "2220"]
[BlackElo "2407"]
[PlyCount "86"]
[EventDate "2012.??.??"]

1. e4 e6 2. d4 d5 3. Nc3 Nf6 4. e5 Nfd7 5. f4 c5 6. Nf3 Nc6 7. Be3 Be7 8. Qd2
O-O 9. Be2 b6 10. O-O Bb7 11. Rad1 Rc8 12. Kh1 Qc7 13. Qe1 a6 14. Qg3 f5 15.
Qh3 cxd4 16. Nxd4 Nxd4 17. Bxd4 Nc5 18. Qe3 b5 19. a3 Ne4 20. Rd3 Qd7 21. Rfd1
a5 22. Nxe4 fxe4 23. Rc3 Rxc3 24. Bxc3 b4 25. axb4 axb4 26. Be1 Qc6 27. c3 Bc5
28. Qg3 bxc3 29. bxc3 Qb6 30. Qg4 Ba6 31. g3 Rb8 32. h4 Qc6 33. Ra1 Bxe2 34.
Qxe2 e3 35. Kh2 Rb3 36. Kh3 Qb7 37. Qg4 Rb6 38. Qh5 g6 39. Qg5 Be7 40. Qh6 Bf8
41. Qg5 d4 42. cxd4 Qh1+ 43. Kg4 h5+ 0-1

[Event "?"]
[Site "?"]
[Date "2012.10.04"]
[Round "6.4"]
[White "Raykhman, Alexander"]
[Black "Meister, Peter"]
[Result "1/2-1/2"]
[WhiteElo "2362"]
[BlackElo "2405"]
[PlyCount "30"]
[EventDate "2012.??.??"]

1. d4 e6 2. c4 f5 3. g3 Nf6 4. Bg2 c6 5. Nf3 d5 6. O-O Bd6 7. Qc2 O-O 8. Nc3
Qe7 9. Bg5 h6 10. Bf4 Bxf4 11. gxf4 dxc4 12. Ne5 Rd8 13. e3 Bd7 14. Qe2 Be8 15.
Qxc4 Nbd7 1/2-1/2

[Event "?"]
[Site "?"]
[Date "2012.10.04"]
[Round "6.5"]
[White "Shirazi, Kamran"]
[Black "Straub, Jürgen"]
[Result "1-0"]
[WhiteElo "2405"]
[BlackElo "2226"]
[PlyCount "80"]
[EventDate "2012.??.??"]

1. e4 c5 2. b4 cxb4 3. a3 e6 4. Bb2 Nf6 5. e5 Nd5 6. Nf3 Nc6 7. axb4 Bxb4 8. c3
Be7 9. d4 d6 10. c4 Nc7 11. exd6 Qxd6 12. Bd3 O-O 13. O-O Rd8 14. Nbd2 f5 15.
Qb1 Bf6 16. Nb3 b6 17. Rd1 a5 18. Ne5 Nb4 19. Be2 Bb7 20. f4 Be4 21. Qc1 Bc2
22. Nd2 Bxd1 23. Qxd1 Nca6 24. Qb3 Rac8 25. Ndf3 Nb8 26. h4 h6 27. Kh2 Kh7 28.
Ng5+ Bxg5 29. hxg5 N8c6 30. gxh6 gxh6 31. Rd1 Qe7 32. Qh3 b5 33. d5 Nxe5 34.
Bxe5 bxc4 35. dxe6 Qxe6 36. Bxc4 Qg6 37. Qf3 Nc6 38. Bc3 Rxd1 39. Qxd1 Ne7 40.
Qd4 Rg8 1-0

[Event "?"]
[Site "?"]
[Date "2012.10.04"]
[Round "6.6"]
[White "Dehlinger, Alexander"]
[Black "Eitel, Harald"]
[Result "1-0"]
[WhiteElo "2177"]
[BlackElo "2253"]
[PlyCount "61"]
[EventDate "2012.??.??"]

1. Nf3 Nf6 2. c4 g6 3. g3 Bg7 4. Bg2 O-O 5. O-O d6 6. d4 c6 7. Nc3 Qa5 8. e4 e5
9. h3 Nbd7 10. Re1 exd4 11. Nxd4 Ne5 12. Bf1 Re8 13. Be3 Qb4 14. a3 Qa5 15. b4
Qd8 16. f4 Ned7 17. Bg2 Nb6 18. Qd3 d5 19. cxd5 cxd5 20. e5 Ne4 21. Nxe4 dxe4
22. Qxe4 f6 23. Nf3 Bf5 24. Qxb7 Re7 25. Qc6 Rc8 26. Bxb6 axb6 27. Rad1 Qf8 28.
Qxb6 fxe5 29. Nxe5 Bxe5 30. Rxe5 Rxe5 31. fxe5 1-0

[Event "?"]
[Site "?"]
[Date "2012.10.04"]
[Round "6.7"]
[White "Taube, Hubertus"]
[Black "Lochte, Thomas"]
[Result "0-1"]
[WhiteElo "2071"]
[BlackElo "2189"]
[PlyCount "70"]
[EventDate "2012.??.??"]

1. d4 Nf6 2. c4 e5 3. dxe5 Ng4 4. Nf3 Bc5 5. e3 Nc6 6. Be2 O-O 7. O-O Re8 8.
Nbd2 Ngxe5 9. Nxe5 Rxe5 10. b3 d6 11. Bb2 Re6 12. Nf3 Rh6 13. Qd2 Bg4 14. h3
Bf5 15. Bd3 Qd7 16. Bxf5 Qxf5 17. Nd4 Bxd4 18. exd4 Rg6 19. Kh2 d5 20. Rfe1 Rd8
21. Re2 h6 22. Rae1 Re6 23. Rxe6 fxe6 24. Qe3 Rf8 25. Re2 Rf6 26. g4 Qb1 27.
cxd5 exd5 28. g5 hxg5 29. Qxg5 Qf1 30. Qxd5+ Kh7 31. Qe4+ Rg6 32. Qh4+ Kg8 33.
Re8+ Kf7 34. Qf4+ Kxe8 35. Qe4+ Ne7 0-1

[Event "?"]
[Site "?"]
[Date "2012.10.04"]
[Round "6.8"]
[White "Hantak, Adam"]
[Black "Stocker, Rupert"]
[Result "1-0"]
[WhiteElo "2185"]
[BlackElo "2128"]
[PlyCount "83"]
[EventDate "2012.??.??"]

1. d4 e6 2. c4 d5 3. Nf3 c5 4. g3 Nc6 5. cxd5 exd5 6. Bg2 Nf6 7. O-O Be7 8. Nc3
O-O 9. Bg5 c4 10. Ne5 Be6 11. Rc1 Rc8 12. h3 Qb6 13. Qd2 h6 14. Be3 Bb4 15. Kh2
Rfd8 16. Qc2 Bd6 17. f4 Bxe5 18. fxe5 Nxe5 19. dxe5 Qxe3 20. exf6 g6 21. Nd1
Qe5 22. e3 b5 23. Qc3 d4 24. exd4 Qxd4 25. a3 Qb6 26. Qe3 Qxe3 27. Nxe3 Rd2 28.
Rc2 Rcd8 29. Rf2 R2d3 30. Rfe2 R8d6 31. Nf1 Bf5 32. g4 Bd7 33. Rf2 Be6 34. Rcd2
a5 35. Be4 R3d4 36. Kg3 b4 37. axb4 axb4 38. Rxd4 Rxd4 39. Kf3 Rd1 40. Ke2 Ra1
41. Ne3 Ra2 42. Kf3 1-0

[Event "?"]
[Site "?"]
[Date "2012.10.04"]
[Round "6.9"]
[White "Schmitzer, Peter"]
[Black "Urankar, Hans-Peter"]
[Result "0-1"]
[WhiteElo "2074"]
[BlackElo "2243"]
[PlyCount "92"]
[EventDate "2012.??.??"]

1. d4 d6 2. Nf3 g6 3. Nc3 Bg7 4. e4 a6 5. Be3 b5 6. a3 Bb7 7. Bd3 Nd7 8. O-O
Rc8 9. d5 c5 10. dxc6 Bxc6 11. Nd4 Bb7 12. f4 Ngf6 13. Nf3 Nc5 14. Nd2 O-O 15.
Kh1 Qd7 16. Qe2 e6 17. Bg1 Rfe8 18. Rad1 Qc7 19. Qe3 Nfd7 20. Qh3 f5 21. exf5
exf5 22. Nf3 Ne6 23. Qg3 Nf6 24. Ne2 Nh5 25. Qf2 Bxb2 26. c3 Bxa3 27. Nfd4 Nhg7
28. Qh4 Bc5 29. Bb1 Qe7 30. Qh3 Kh8 31. Rfe1 Nxd4 32. Rxd4 Ne6 33. Red1 Nxd4
34. Nxd4 Qf7 35. Qg3 Be4 36. Bd3 Bxd3 37. Rxd3 Rc7 38. h3 Rce7 39. Kh2 Re1 40.
Bf2 R1e4 41. Qf3 Kg8 42. h4 Qf6 43. Kh3 b4 44. Qd1 Rxf4 45. Bg3 Rfe4 46. Nb3 f4
0-1

[Event "?"]
[Site "?"]
[Date "2012.10.04"]
[Round "6.10"]
[White "Ovsepyan, Arshak"]
[Black "Pitschka, Claus"]
[Result "1-0"]
[WhiteElo "1939"]
[BlackElo "2210"]
[PlyCount "51"]
[EventDate "2012.??.??"]

1. d4 d5 2. c4 c6 3. Nc3 Nf6 4. Nf3 a6 5. Bg5 dxc4 6. e3 b5 7. Ne5 Bb7 8. Qf3
Nbd7 9. Bxf6 Nxf6 10. g4 Qc7 11. Bg2 e6 12. Ne4 Nxe4 13. Qxe4 Rc8 14. g5 Bd6
15. f4 Bxe5 16. fxe5 Qe7 17. O-O-O Rc7 18. Qf4 c3 19. bxc3 Qa3+ 20. Kb1 Qxc3
21. Rc1 Qb4+ 22. Ka1 O-O 23. Rc5 a5 24. h4 Qd2 25. Be4 b4 26. Rc2 1-0

[Event "?"]
[Site "?"]
[Date "2012.10.05"]
[Round "7.1"]
[White "Belezky, Alexander"]
[Black "Renner, Christoph"]
[Result "0-1"]
[WhiteElo "2413"]
[BlackElo "2452"]
[PlyCount "114"]
[EventDate "2012.??.??"]

1. d4 Nf6 2. c4 d6 3. Nc3 e5 4. d5 a5 5. e4 Na6 6. Bd3 Be7 7. f3 Nc5 8. Be3 Nh5
9. Nge2 Bg5 10. Bf2 Nf4 11. Nxf4 Bxf4 12. h4 h5 13. Bc2 Bd7 14. a3 a4 15. g3
Bh6 16. Bxc5 dxc5 17. Bxa4 Ra6 18. Bxd7+ Qxd7 19. Qd3 Rb6 20. b4 cxb4 21. axb4
O-O 22. Ra4 c5 23. b5 g6 24. Ra3 f5 25. Kd1 Rbf6 26. Qe2 f4 27. gxf4 Rxf4 28.
Nb1 Qd8 29. Qg2 Kh7 30. Qg3 Qf6 31. Nd2 Rf7 32. Ke2 Bf8 33. Ra7 Qb6 34. Rg1 Rg7
35. Ra8 Be7 36. Re8 Qd6 37. Qh3 Rf8 38. Rxf8 Bxf8 39. Qc8 Rf7 40. Ra1 Kg7 41.
Ra7 Qb6 42. Ra8 Qf6 43. Qd8 Qf4 44. Rb8 Qh2+ 45. Kd3 Qf2 46. Qg5 Kh7 47. Qxe5
Bg7 48. Qg5 Qd4+ 49. Kc2 Bh6 50. Qg2 Qa1 51. Qe2 Qa7 52. Re8 Qa2+ 53. Kd1 Qa1+
54. Kc2 b6 55. e5 Ra7 56. Nb3 Ra2+ 57. Kd3 Qb1+ 0-1

[Event "?"]
[Site "?"]
[Date "2012.10.05"]
[Round "7.2"]
[White "Jorczik, Julian"]
[Black "Reich, Thomas"]
[Result "1-0"]
[WhiteElo "2407"]
[BlackElo "2382"]
[PlyCount "153"]
[EventDate "2012.??.??"]

1. d4 d5 2. c4 c6 3. Nf3 Nf6 4. Nc3 dxc4 5. a4 Bf5 6. e3 e6 7. Bxc4 Bb4 8. O-O
O-O 9. Nh4 Bg4 10. f3 Bh5 11. g4 Nd5 12. Ng2 Bg6 13. Qb3 Qb6 14. Na2 Be7 15.
Rd1 Qxb3 16. Bxb3 Na6 17. e4 Ndb4 18. Nxb4 Nxb4 19. Be3 a5 20. h4 h6 21. Kf2
Rfd8 22. g5 hxg5 23. hxg5 c5 24. dxc5 Nd3+ 25. Ke2 Nxc5 26. Rxd8+ Rxd8 27. Bc4
Rc8 28. b3 Nd7 29. Nf4 Ne5 30. Nxg6 Nxg6 31. f4 Bc5 32. Rd1 Bxe3 33. Kxe3 Kf8
34. Rd7 Rb8 35. Rc7 Ne7 36. Kd3 Ng6 37. Ke3 Ne7 38. Kd2 Ke8 39. Bb5+ Kf8 40.
Bc4 Ke8 41. Bb5+ Kf8 42. Ke3 Nc6 43. f5 exf5 44. exf5 f6 45. Kf4 Ne7 46. Bc4
Rd8 47. gxf6 gxf6 48. Rxb7 Rd4+ 49. Kf3 Nxf5 50. Rf7+ Ke8 51. Rxf6 Nd6 52. Ke3
Rd1 53. Ke2 Rd4 54. Ke3 Rd1 55. Bd3 Kd7 56. Rg6 Kc7 57. Rg5 Kb6 58. Rd5 Nb7 59.
Rb5+ Ka6 60. Ke2 Ra1 61. Kd2 Ra2+ 62. Kc3 Ra1 63. Kb2 Rd1 64. Kc2 Ra1 65. Rd5+
Kb6 66. Rb5+ Ka6 67. Kd2 Ra2+ 68. Kc1 Ra1+ 69. Bb1 Nd6 70. Re5 Kb6 71. Re6 Kc5
72. Kb2 Rxb1+ 73. Kxb1 Kd5 74. Rh6 Ne4 75. Rh5+ Kd4 76. Rxa5 Kc3 77. Ka2 1-0

[Event "?"]
[Site "?"]
[Date "2012.10.05"]
[Round "7.3"]
[White "Meister, Peter"]
[Black "Dehlinger, Alexander"]
[Result "0-1"]
[WhiteElo "2405"]
[BlackElo "2177"]
[PlyCount "94"]
[EventDate "2012.??.??"]

1. d4 Nf6 2. Nf3 e6 3. e3 b6 4. Bd3 Bb7 5. O-O c5 6. c4 cxd4 7. exd4 Be7 8. Nc3
d5 9. cxd5 Nxd5 10. Ne5 O-O 11. Qh5 Nf6 12. Qh4 Ne4 13. Qh3 Qxd4 14. Bf4 Nf6
15. Ne2 Qa4 16. Rac1 Ba6 17. b3 Qe8 18. Nc4 Bxc4 19. Rxc4 Nbd7 20. g4 e5 21.
Be3 e4 22. Bxe4 Nxe4 23. Rxe4 Nf6 24. Re5 Qd7 25. Qf3 Rae8 26. h3 Bd6 27. Rxe8
Rxe8 28. Nd4 Bf8 29. Nf5 Qd5 30. Qe2 g6 31. Rd1 Qe5 32. Nd4 Nd5 33. Nc6 Qe6 34.
Qf3 Nxe3 35. fxe3 Qxe3+ 36. Qxe3 Rxe3 37. Nxa7 Bc5 38. Kg2 Re2+ 39. Kf3 Rxa2
40. Nc6 Rf2+ 41. Ke4 Re2+ 42. Kf4 Re6 43. Rd8+ Kg7 44. Rc8 Be3+ 45. Kf3 Bg5 46.
b4 Re3+ 47. Kg2 Bf4 0-1